Europa Polityczna - Statystyki

Ogólne statystyki
  • Ten quiz został rozwiązany 567 razy
  • Średni wynik to 37 z 48
Statystyki odpowiedzi
Kraj Miasto % Poprawnych
Polska Warszawa
96%
Francja Paryż
95%
Hiszpania Madryt
94%
Niemcy Berlin
93%
Grecja Ateny
91%
Rosja Moskwa
91%
Czechy Praga
91%
Wielka Brytania Londyn
90%
Włochy Rzym
90%
Watykan Watykan
90%
Ukraina Kijów
89%
Austria Wiedeń
89%
Portugalia Lizbona
88%
Andora Andora
87%
Norwegia Oslo
87%
San Marino San Marino
87%
Białoruś Mińsk
85%
Monako Monako
85%
Holandia Amsterdam
84%
Luksemburg Luksemburg
84%
Belgia Bruksela
83%
Dania Kopenhaga
83%
Finlandia Helsinki
82%
Węgry Budapeszt
81%
Irlandia Dublin
81%
Litwa Wilno
80%
Chorwacja Zagrzeb
80%
Bułgaria Sofia
78%
Szwecja Sztokholm
78%
Rumunia Bukareszt
76%
Łotwa Ryga
76%
Słowacja Bratysława
75%
Szwajcaria Berno
71%
Bośnia i Hercegowina Sarajewo
71%
Estonia Tallinn
71%
Albania Tirana
71%
Islandia Reykjavík
70%
Turcja Ankara
68%
Czarnogóra Podgorica
63%
Serbia Belgrad
62%
Liechtenstein Vaduz
62%
Malta Valletta
62%
Słowenia Lublana
61%
Mołdawia Kiszyniów
60%
Macedonia Północna Skopje
59%
Kosowo Prisztina
57%
Cypr Nikozja
50%
Kazachstan Astana
43%
Nie znaleziono quizów pasujących do podanych kryteriów
Rozkład punktacji
Procent ludzi z każdym wynikiem
Percentyl według liczby udzielonych odpowiedzi
Twoja historia wyników
Nie rozwiązałeś tego quizu